000 00823nam a2200241Ia 4500
003 OSt
005 20220923212433.0
006 a|||||r|||| 00| 0
007 ta
008 220922b |||||||| |||| 00| 0 hin d
024 _a152,957
037 _cTextual
040 _aARTS
_cARTS
_bhin
041 _2hin
_ahin
082 _aNR2,1, 152J3-;3-;4
100 _aद्व्विेदी, हरिहरनिवास
245 0 _aमानसिक और भानकुतूहल
246 _aMānasik aur bhānakutūhala
260 _aदिल्ली
_b विद्यामन्दिर प्रकाशन
_c1953
300 _a169 पृ.
_ccm.
942 _hNR2,1, 152J3-;3-;4
_cTEXL
_2CC
999 _c308605
_d308605